Normal view
MARC view
Entry Personal Name
001 - CONTROL NUMBER
- control field: 3322
003 - CONTROL NUMBER IDENTIFIER
- control field: OSt
005 - DATE AND TIME OF LATEST TRANSACTION
- control field: 20221003072726.0
008 - FIXED-LENGTH DATA ELEMENTS
- fixed length control field: 221003|| aca||aabn | a|a d
040 ## - CATALOGING SOURCE
- Original cataloging agency: OSt
- Transcribing agency: OSt
100 ## - HEADING--PERSONAL NAME
- Personal name: Fričová, Veronika
- Titles and other words associated with a name: (prekladateľka)
670 ## - SOURCE DATA FOUND
- Source citation: Work cat.: (OSt)0: Blake, Victoria aut 3321, Návrat kurtizány